000 00467nam a2200229Ia 4500
003 IT-RoPAU
008 120407s9999 xx 000 0 und d
040 _aIT-RoPAU
040 _cIT-RoPAU
041 _aita
100 _aMarcel Lefebvre
245 _aUn vescovo parla
250 _aMilano
260 _aRusconi
260 _c1975
300 _a229 p.
300 _c18,5 cm
490 _aProblemi attuali
490 _v1
942 _cBK
999 _c29581
_d29581